000 00589nam a2200169 a 4500
008 120416s1973 ||||||||||||||||| || u
020 _a0471582956
050 _aTK 7876 Mac
100 _aMcCray, James A
245 1 0 _aElectronic circuit analysis for scientists
260 _aNew York:
_bJohn Wiley and Sons
_c1973
300 _a(9), 292p. : ill
350 _a0.00
650 _aELECTRIC NETWORKS
650 _aELECTRONIC CIRCUITS
995 _D0.00
_FCBU-MAIN LIBRARY (Kitwe)
_H1
_I6.50
_UAVAILABLE
_ZAnnex Low-Usage Collection
999 _c41527
_d41527